[Event "23rd OIBM 2019"]
[Site "Gmund am Tegernsee"]
[Date "2019.10.31"]
[Round "6.10"]
[White "Meins, Gerlef"]
[Black "Asadli, Vugar"]
[Result "1/2-1/2"]
[WhiteElo "2415"]
[BlackElo "2513"]
[Annotator "TA"]
[PlyCount "137"]
[EventDate "2019.10.17"]
[EventType "swiss"]
[EventCountry "GER"]
[SourceTitle "playchess.com"]
[Source "ChessBase"]
[SourceQuality "1"]

{[%evp 13,137,30,53,47,59,34,37,24,19,0,10,0,16,19,23,0,0,0,6,15,1,11,10,0,0,0,0,0,0,0,0,0,0,0,0,0,0,0,22,0,5,0,0,0,0,0,0,0,0,0,0,0,0,-78,0,-35,-35,-41,-22,-22,-22,-18,-16,-16,-16,-17,-17,-20,-16,-16,0,0,0,0,0,0,0,-105,-111,-87,-8,-8,-9,-10,0,0,0,-3,0,0,0,0,0,0,0,0,0,0,0,0,0,-23,0,0,0,-23,-27,-34,0,0,0,0,0,0,0,-34,-41,-41,-41,-41,0,0,0,0,0,0]} 1. Nf3 g6 2. d4 Bg7 3. c4 d6 4. Nc3 Bg4 5. e3 Nf6 6. Be2 O-O 7. O-O Nc6 8. h3 {E61: King's Indian: Early deviations for White, including Smyslov System} (8. d5 Nb8 9. h3 Bd7 10. e4 c6 11. Be3 Na6 12. Nd2 Rc8 13. Rc1 e6 14. dxe6 Bxe6 15. Nf3 Re8 {0-1 (38) Wang,H (2709)-Mamedyarov,S (2799) Huaian 2017}) 8... Bd7 9. b3 e5 10. dxe5 {White is slightly better.} dxe5 11. Ba3 Re8 12. Qc2 Qc8 $146 ({Predecessor:} 12... a5 13. Rad1 Nb4 14. Qb1 c6 15. Bb2 {½-½ (35) Ozkan,E (2206)-Agamaliev,G (2493) Konya 2017}) 13. Rad1 a5 14. Nd2 Bf5 15. Bd3 Bxd3 16. Qxd3 Nb4 17. Qb1 Qe6 18. Nde4 Nxe4 19. Qxe4 c6 20. Bxb4 axb4 21. Na4 f5 22. Qd3 e4 23. Qe2 Bf8 24. c5 Rad8 25. Rd2 Kf7 26. Rfd1 Be7 27. Rd4 Rxd4 28. Rxd4 Rd8 29. Rxd8 Bxd8 30. Qd2 Be7 31. Qxb4 b5 32. Nc3 Qe5 33. Qd4 (33. a4 $11) 33... Qxc5 (33... Qxd4 $17 34. exd4 b4) 34. Qxc5 (34. Qh8 {with more complications.} Qd6 35. Qxh7+ Kf8 36. g3 b4 37. Na4) 34... Bxc5 $17 {[%mdl 4096] Endgame KB-KN} 35. Kf1 Ke6 36. Ke2 Bb4 37. Kd2 Kd6 38. Kc2 Kc5 39. Kb2 Ba5 40. Kc2 Bc7 41. a3 Be5 42. f3 exf3 43. gxf3 Kb6 44. Ne2 Ka5 45. Nc1 (45. Nd4 $11 {remains equal.} Kb6 46. Ne6) 45... Bd6 46. Kb2 {[#]} c5 ({Black should try} 46... g5 $1 $17) 47. Kc3 $11 Be5+ 48. Kc2 $1 g5 49. Nd3 Bd6 50. Kc3 h5 51. e4 fxe4 52. fxe4 Kb6 53. a4 g4 54. hxg4 hxg4 {[#] White must now prevent ...g3.} 55. axb5 g3 {And now ...g2 would win.} 56. Ne1 Kxb5 57. Ng2 Bc7 58. Ne3 Bf4 59. Ng2 (59. Kd3 {looks sharper.} Bb8 60. Ke2 Kb4 61. Ng4 Kxb3 62. e5) 59... Be5+ 60. Kd3 Bf6 (60... Kb4 $5 {[%cal Rb4b3]} 61. Kc2 Bf6 $17) 61. Ne3 Kc6 62. Ke2 Kb5 (62... Bd4 $5 63. Ng2 $8 Kb5 $11) 63. Kd3 Be5 64. Ng2 Kb4 65. Kc2 $1 Bf6 66. Ne3 Bg5 67. Ng2 {The position is equal.} Kb5 68. Kd3 Bf6 69. Ne3 {Accuracy: White = 74%, Black = 54%.} 1/2-1/2

[Event "23rd OIBM 2019"]
[Site "Gmund am Tegernsee"]
[Date "2019.10.31"]
[Round "6.11"]
[White "Engel, Luis"]
[Black "Bellia, Fabrizio"]
[Result "1-0"]
[WhiteElo "2507"]
[BlackElo "2433"]
[Annotator "TA"]
[PlyCount "75"]
[EventDate "2019.10.17"]
[EventType "swiss"]
[EventCountry "GER"]
[SourceTitle "playchess.com"]
[Source "ChessBase"]
[SourceQuality "1"]

{[%evp 12,75,16,15,13,14,20,14,15,15,8,8,22,8,16,17,21,12,25,24,72,70,61,70,79,80,150,157,149,144,126,80,165,158,279,270,348,156,142,131,132,144,147,124,208,165,451,446,727,723,698,356,722,721,710,687,951,853,187,947,943,880,915,904,29972,5321]} 1. e4 e5 2. Nf3 Nc6 3. Bb5 a6 4. Ba4 Nf6 5. d3 b5 6. Bb3 Be7 7. a4 b4 {C77: Ruy Lopez: 3...a6 4 Ba4 Nf6, unusual lines} 8. Nbd2 O-O 9. Nc4 d6 {The position is equal.} 10. h3 Be6 11. O-O Rb8 12. Re1 Qc8 13. Be3 h6 {[#]} 14. Qe2 $146 ({Predecessor:} 14. d4 exd4 15. Nxd4 Nxd4 16. Bxd4 Rd8 {½-½ (41) Safarli,E (2653)-Almasi,Z (2710) Warsaw 2013}) 14... Rd8 15. Rad1 Qb7 16. d4 $1 {[%cal Rd4d5]} exd4 17. Nxd4 Nxd4 18. Bxd4 d5 (18... Qa8 $142) 19. Na5 $16 Qa8 {[%cal Rf6e4]} 20. exd5 Nxd5 21. Qe4 c6 (21... Bf8 $16 {is a better defense.}) 22. Rd3 $18 Bf6 (22... Re8 $16) 23. Rg3 $1 Re8 {[#] ...Bf5! is the strong threat.} 24. Bxf6 (24. Nxc6 $1 $18 {[%mdl 512]} Rbc8 {[#]} (24... Qxc6 25. Bxf6) 25. Nxb4 $1 {[%mdl 512]}) 24... Nxf6 $16 25. Qh4 $40 {[%mdl 128] Threatening mate with Qxf6. Black is in trouble.} Bxb3 26. Rxe8+ Nxe8 27. Nxb3 {Black must now prevent Nd4.} Kh8 (27... c5 $16 {might work better.}) 28. Nd4 {Threatens to win with Nf5.} c5 $2 (28... Nd6 {keeps fighting.}) 29. Nf5 $18 Qc6 (29... Rb6 $142 30. Qe7 Kg8) 30. Qe7 {White wants to mate with Qf8+.} Qf6 31. Qf8+ Kh7 {[#]} 32. Nxg7 $1 {[%mdl 512]} Nxg7 33. Qxb8 Qxb2 {KQR-KQN} 34. c3 Qb1+ 35. Kh2 Qf5 36. cxb4 cxb4 37. Qxb4 Qxf2 38. Qe4+ {Accuracy: White = 73%, Black = 36%.} 1-0

[Event "23rd OIBM 2019"]
[Site "Gmund am Tegernsee"]
[Date "2019.10.31"]
[Round "6.12"]
[White "Hess, Max"]
[Black "Vetoshko, Volodymyr"]
[Result "1/2-1/2"]
[WhiteElo "2373"]
[BlackElo "2506"]
[Annotator "TA"]
[PlyCount "116"]
[EventDate "2019.10.17"]
[EventType "swiss"]
[EventCountry "GER"]
[SourceTitle "playchess.com"]
[Source "ChessBase"]
[SourceQuality "1"]

{[%evp 13,116,27,22,18,17,17,11,8,19,16,15,0,35,40,32,35,43,25,52,47,45,47,106,104,81,99,93,51,64,0,0,-21,0,-21,-20,-12,-15,-16,-8,-14,-11,-2,0,0,0,0,0,0,0,-67,0,0,0,0,21,0,0,-115,-29,-129,-121,-520,-526,-728,-725,-671,-691,-670,-673,-603,-343,-314,-335,-344,-334,-309,-318,-304,-304,-303,-124,-124,-124,-124,-124,-124,-38,-38,-38,-38,0,0,0,-38,-38,-38,-38,-58,-38,-38,-38,-38,-38,-38,-38]} 1. e4 c5 2. Nf3 Nc6 3. Bb5 g6 4. Bxc6 bxc6 5. O-O Bg7 6. Re1 Nh6 7. c3 O-O 8. h3 {B31: Sicilian: 2...Nc6 3 Bb5 g6} (8. d4 cxd4 9. cxd4 d5 10. e5 f6 11. exf6 exf6 12. Nbd2 Re8 13. Nb3 Rxe1+ 14. Qxe1 Nf5 15. Bd2 Bd7 16. Nc5 Qc7 17. Rc1 Re8 {½-½ (48) Aronian,L (2758)-Le,Q (2708) Khanty-Mansiysk 2019}) 8... f5 9. e5 Nf7 10. d3 {The position is equal.} Ba6 11. Bf4 e6 12. Qd2 c4 $146 ({Predecessor:} 12... h6 13. h4 c4 14. dxc4 Bxc4 15. Qe3 Bd5 {½-½ (23) Baklan,V (2621)-David,A (2377) Calimanesti Caciulata 2016}) 13. dxc4 Bxc4 14. Na3 {[%cal Bb1a3,Ba3b5,Bb5d6][%mdl 32]} Bd5 15. Ng5 $1 c5 16. Nxf7 Rxf7 17. Nb5 Rf8 (17... Bf8 $1 $14) 18. Nd6 $16 Qh4 19. c4 Bc6 20. Bg3 Qh5 21. f4 (21. f3 $14) 21... Bh6 $11 22. Qe2 Rfb8 23. Qxh5 (23. Rab1 {feels hotter.} a5 24. Qe3 g5 25. Rf1 gxf4 26. Bxf4 Qg6 27. Rf2) 23... gxh5 24. Re2 a5 25. Bf2 Bxf4 26. Bxc5 a4 27. Rb1 Bg3 28. Bd4 h4 29. b4 axb3 $1 30. axb3 Ra3 31. Reb2 (31. b4 $1 $11) 31... Kg7 (31... Rba8 $15) 32. Bc5 Raa8 33. Bd4 Ra5 34. Re2 Ra3 $36 {[%mdl 2048] Black fights for an advantage.} 35. Reb2 (35. b4 $1 $11) 35... Kg6 (35... Rba8 $1 $17 36. Nb5 Bxb5 37. cxb5 R3a5) 36. Kf1 (36. Bc5 $1 $11 Ra5 37. Bd4) 36... Rba8 $17 37. Bc3 $2 {[%mdl 8192]} (37. Nb5 $17 Bxb5 38. cxb5) 37... Ra1 $19 38. b4 {Threatening b5.} R8a2 39. Rxa1 Rxa1+ 40. Ke2 Bxg2 41. b5 {intending b6.} f4 42. b6 Bc6 43. b7 f3+ 44. Kd3 {[#]} ({But not} 44. Ke3 Bxb7 $1 {[%mdl 512]} 45. Nxb7 Ra3 $19) 44... Bxb7 $1 {[%mdl 512]} 45. Nxb7 (45. Rxb7 f2) 45... Ra3 {...Be1 is the strong threat.} 46. Nc5 {[#]} Rxc3+ $1 {[%mdl 512]} 47. Kxc3 $17 Bxe5+ 48. Kd2 Bxb2 49. Nxd7 {[%mdl 4096] Endgame [#] KB-KN} Bc1+ ({Black should play} 49... e5 $1 $17 {[%cal Re5e4]} 50. Nxe5+ Bxe5) 50. Ke1 $15 Kf5 {White must now prevent ...e5.} 51. c5 $1 Ke4 {Strongly threatening ...Bf4.} (51... Bg5 $5 {[%cal Re6e5]} 52. Kf2 Ke4 $17) 52. c6 Bf4 {aiming for ...Bg3+.} 53. Kf1 Kd5 {Black is slightly better.} 54. Nf8 Kxc6 {And now ...e5 would win.} 55. Nxe6 Be3 {[#]} 56. Ng5 $1 {[%mdl 512]} Bxg5 57. Kf2 Kd5 {( -> ...Ke4)} 58. Kxf3 Ke5 {Accuracy: White = 65%, Black = 56%.} 1/2-1/2

[Event "23rd OIBM 2019"]
[Site "Gmund am Tegernsee"]
[Date "2019.10.31"]
[Round "6.13"]
[White "Korneev, Oleg"]
[Black "Gschnitzer, Adrian"]
[Result "1-0"]
[WhiteElo "2504"]
[BlackElo "2412"]
[Annotator "TA"]
[PlyCount "87"]
[EventDate "2019.10.17"]
[EventType "swiss"]
[EventCountry "GER"]
[SourceTitle "playchess.com"]
[Source "ChessBase"]
[SourceQuality "1"]

{[%evp 23,87,45,71,73,71,76,69,70,72,54,78,73,94,93,77,26,29,33,62,62,62,62,62,62,62,62,62,62,62,62,62,62,62,37,37,37,37,37,62,37,62,48,228,50,118,114,112,117,105,90,112,90,94,93,282,264,330,180,183,191,176,179,162,51,483,471]} 1. d4 Nf6 2. Nf3 c5 3. d5 b5 4. Bg5 d6 5. Bxf6 exf6 6. e4 a6 7. a4 b4 8. Bd3 g6 9. Nbd2 Bg7 10. Nc4 a5 11. O-O O-O 12. Nfd2 Qc7 13. f4 {A43: Schmid Benoni} Nd7 14. Qf3 Nb6 15. Nxb6 {White is slightly better.} Qxb6 16. Kh1 $146 ({Predecessor:} 16. f5 c4+ {0-1 (16) Bosiocic,M (2131)-Pavlovic,M (2448) Zagreb 2007}) 16... Qc7 17. Rab1 Re8 18. Bb5 Bd7 19. Bxd7 (19. Nc4 $16) 19... Qxd7 $11 20. Nc4 {aiming for Nb6.} Rad8 21. f5 Qxa4 22. b3 Qd7 23. Nxa5 Ra8 24. Nc4 Ra2 25. Rf2 Qe7 26. Re2 Rea8 27. h4 Ra1 28. Rxa1 Rxa1+ 29. Kh2 Bh6 30. g3 Kg7 31. Kg2 Rc1 32. g4 Qa7 $2 (32... Kg8 $14) 33. Rf2 $2 (33. Nxd6 $18 {Strongly threatening e5.} Qa6 34. Nc4) 33... Qa1 (33... g5 $14) 34. fxg6 $1 $16 (34. Nxd6 $6 Rh1 $11) 34... Rg1+ 35. Kh2 hxg6 {[#]} 36. g5 $1 {[%mdl 512]} fxg5 37. Qxf7+ $40 {[%mdl 128] White wants a kill.} Kh8 {( -> ...Rh1+)} 38. Qf6+ $1 (38. Qxg6 $2 Rh1+ 39. Kg2 Qg1+ 40. Kf3 g4+ $1 {[%mdl 512]} 41. Qxg4 Qd1+ 42. Re2 Rf1+ 43. Kg2 Rg1+ 44. Kh3 Rxg4 $19) (38. Qe8+ Kh7 $17) 38... Qxf6 $2 (38... Bg7 $16 39. Qxa1 Rxa1) 39. Rxf6 {KRB-KRN} Rg4 40. Rxg6 ({Not} 40. Rxd6 Rxh4+ 41. Kg2 Rg4+ 42. Kh3 Rxe4 $16) (40. Nxd6 $142 gxh4 41. Kh3) 40... Rxh4+ $18 41. Kg3 Kh7 {[#]} 42. Re6 $1 ({Don't do} 42. Rxd6 Rxe4 43. Rc6 Bf8 $16) 42... Bf8 43. Ne3 ({But not} 43. Nxd6 $6 Bxd6+ 44. Rxd6 Rxe4 $14) (43. Kf3 $18) 43... Rh1 $2 {[%mdl 8192]} ({Black should try} 43... Kg8 $1 $14) 44. e5 {Accuracy: White = 65%, Black = 28%.} 1-0

[Event "23rd OIBM 2019"]
[Site "Gmund am Tegernsee"]
[Date "2019.10.31"]
[Round "6.14"]
[White "Moehn, Hans"]
[Black "Krzyzanowski, Marcin"]
[Result "0-1"]
[WhiteElo "2370"]
[BlackElo "2500"]
[Annotator "TA"]
[PlyCount "56"]
[EventDate "2019.10.17"]
[EventType "swiss"]
[EventCountry "GER"]
[SourceTitle "playchess.com"]
[Source "ChessBase"]
[SourceQuality "1"]

{[%evp 9,56,8,18,17,54,56,71,54,51,51,46,54,56,48,62,58,71,40,48,-89,-82,-255,-77,-59,-50,-68,-68,-63,-55,-69,-63,-118,-106,-106,-83,-96,-77,-379,-380,-402,-379,-403,-442,-429,-333,-29988,-29989,-29994,-29992]} 1. Nf3 g6 2. g3 Bg7 3. d4 d5 4. Bg2 Nc6 5. c3 (5. O-O Nh6 6. c4 e6 7. Bg5 f6 8. Bd2 Nf5 9. e3 Nd6 10. Na3 O-O 11. Rc1 Ne7 12. Qe2 a5 13. Rfd1 {½-½ (45) Howell,D (2685)-Stefanova,A (2515) Caleta 2016}) 5... e6 6. O-O {D02: 1 d4 d5 2 Nf3 sidelines, including 2...Nf6 3 g3 and 2...Nf6 3 Bf4} Nge7 7. Nbd2 f5 8. Nb3 {White is better.} h6 $146 ({Predecessor:} 8... O-O 9. Bf4 b6 10. Nc1 Bb7 11. Nd3 Nc8 12. Qc1 Nd6 13. b3 {0-1 (44) Elistratov,S (2417)-Popov,V (2528) Sochi 2017}) 9. h4 Ng8 10. Bf4 Nf6 11. Qc1 Ne4 12. Qe3 Qe7 13. Nbd2 Nf6 14. Ne5 {[#]} (14. b4 $14 {keeps the upper hand.}) 14... Nxe5 $1 $17 15. Qxe5 $2 (15. Bxe5 $17 Ng4 16. Qd3) 15... Kd8 $2 (15... Ne4 $1 $19 16. Bxe4 Bxe5 17. Bxe5 O-O) 16. Qe3 Ng4 17. Qd3 g5 18. hxg5 hxg5 19. Be3 $1 Bf6 20. f4 ({Better is} 20. Nf3 $15) 20... Nxe3 21. Qxe3 gxf4 22. gxf4 Qg7 $40 {[%mdl 128] Black is out for blood.} 23. Qf2 $2 {[%mdl 8192]} (23. Rf3 $17) 23... Bd7 24. Nf3 Ke7 25. Rfd1 Rag8 26. Kf1 Qg4 27. e3 $2 {[#]} (27. a4 $19) 27... Bb5+ 28. Kg1 Qh5 {Accuracy: White = 29%, Black = 63%.} 0-1

[Event "23rd OIBM 2019"]
[Site "Gmund am Tegernsee"]
[Date "2019.10.31"]
[Round "6.15"]
[White "Del Rio De Angelis, Salvador G."]
[Black "Padmini, Rout"]
[Result "1/2-1/2"]
[WhiteElo "2491"]
[BlackElo "2394"]
[Annotator "TA"]
[PlyCount "91"]
[EventDate "2019.10.17"]
[EventType "swiss"]
[EventCountry "GER"]
[SourceTitle "playchess.com"]
[Source "ChessBase"]
[SourceQuality "1"]

{[%evp 10,91,0,0,17,5,20,0,0,0,26,0,0,0,0,-12,-8,-33,-22,-10,-13,-36,-27,0,0,-95,-97,-89,-22,-33,-29,-29,197,173,176,36,25,36,34,30,44,0,6,0,0,0,0,8,8,8,8,8,8,0,0,0,8,16,16,7,504,48,52,48,175,168,164,170,276,276,272,276,276,276,276,273,237,76,87,81,87,0,0,0]} 1. d4 e6 2. c4 b6 3. Nf3 Bb7 4. e3 Nf6 5. Nc3 d5 6. Bd3 Nbd7 {E14: Queen's Indian: Classical Variation (4 e3)} (6... Bd6 7. O-O dxc4 8. Bxc4 O-O 9. Nb5 Be7 10. b3 Nbd7 11. Bb2 a6 12. Nc3 b5 13. Be2 c5 14. Rc1 Qb6 15. dxc5 Nxc5 {0-1 (35) Cori,J (2686)-Vidit,S (2703) Biel 2019}) 7. O-O a6 8. b3 Bd6 9. Bb2 Qe7 10. Re1 $146 ({Predecessor:} 10. cxd5 exd5 11. a3 O-O 12. b4 b5 13. Nd2 Nb6 14. Re1 Ne4 15. Ndxe4 dxe4 {1-0 (31) Panjwani,R (2440)-Krush,I (2484) Edmonton 2014}) 10... Ne4 11. Qc2 {[%cal Rc3e4]} f5 12. Ne2 O-O 13. Ne5 dxc4 14. Bxc4 b5 15. Bd3 $1 c5 16. Nxd7 Bxh2+ 17. Kf1 (17. Kxh2 $11 Qh4+ {[%mdl 64] Double Attack} 18. Kg1 Qxf2+ {[%mdl 64] Double Attack} 19. Kh1 Qh4+ 20. Kg1 Qf2+ {[%mdl 64] Double Attack} 21. Kh1 Qh4+ 22. Kg1 Qf2+ {[%mdl 64] Double Attack}) 17... Qxd7 $17 18. dxc5 Rad8 (18... Qe7 $1 $17 19. g3 Rac8) 19. Red1 {[#]} Nxf2 $1 {[%mdl 512]} 20. Kxf2 Qd5 $2 (20... Qc6 $1 $11 21. Ke1 Qxg2) 21. Nf4 Bxf4 22. Bf1 {[#]} (22. c6 $1 $18) 22... Bxe3+ $1 $14 {[%mdl 512]} 23. Kxe3 f4+ 24. Kf2 Qg5 {And now ...Qh4+ would win.} 25. Qc3 f3 $1 {[%cal Rf3g2]} 26. g3 Qh6 {( -> ...Qh2+)} 27. Bh3 {aiming for Rd6.} e5 28. Qxe5 Rde8 $132 {[%mdl 2048] Black is not holding back} 29. Qxg7+ $1 Qxg7 30. Bxg7 Re2+ 31. Kf1 Kxg7 32. Rd7+ Rf7 33. Rad1 {Black must now prevent R1d6.} Be4 34. R1d4 Re3 $2 {[%mdl 8192] [#]} (34... Rxd7 $11 {and Black stays safe.} 35. Rxd7+ Kf6) 35. Be6 $2 ({Only move:} 35. Rxe4 $1 $18 {[%mdl 512]} Rxe4 36. c6) 35... Rxd7 36. Bxd7 {[%mdl 4096] Endgame KRB-KRB} Ba8 ({Black should play} 36... Bb1 $14) 37. c6 $18 {Hoping for c7.} Rc3 38. Rd6 h5 (38... a5 {was necessary.} 39. Kf2 Kf7) 39. Kf2 Kf7 {[#]} 40. b4 $1 Ke7 41. Rh6 Kf7 42. Re6 ({Not} 42. Rxh5 Bxc6 43. Bxc6 Rxc6 $14) 42... Kg7 {[#]} 43. Re7+ $2 (43. Be8 $1 $18) 43... Kf6 $16 44. Re8 Rc2+ 45. Ke3 (45. Ke1 $16 Rc1+ 46. Kf2 (46. Kd2 f2 $14) 46... Rc2+ 47. Kf1 Rc1+ 48. Re1) 45... Bxc6 $11 46. Bxc6 {Accuracy: White = 32%, Black = 51%.} ({Don't blunder} 46. Re6+ $2 Kg7 $19) 1/2-1/2

[Event "23rd OIBM 2019"]
[Site "Gmund am Tegernsee"]
[Date "2019.10.31"]
[Round "6.16"]
[White "Nasuta, Grzegorz"]
[Black "Zude, Arno"]
[Result "1-0"]
[WhiteElo "2534"]
[BlackElo "2372"]
[Annotator "TA"]
[PlyCount "69"]
[EventDate "2019.10.17"]
[EventType "swiss"]
[EventCountry "GER"]
[SourceTitle "playchess.com"]
[Source "ChessBase"]
[SourceQuality "1"]

{[%evp 34,69,34,31,42,34,34,22,30,24,123,2,174,184,214,193,308,210,216,131,436,421,539,551,550,541,542,498,29991,29992,29993,29994,29994,29994,29994,29995,29995,29996]} 1. e4 e5 2. Nf3 Nc6 3. Bb5 a6 4. Ba4 Nf6 5. O-O Be7 6. Re1 b5 7. Bb3 d6 8. c3 O-O 9. h3 Nb8 10. d4 Nbd7 11. Nbd2 Bb7 12. Bc2 Re8 13. Nf1 Bf8 14. Ng3 g6 15. a4 c5 16. d5 c4 17. Bg5 h6 18. Be3 Qc7 {C95: Closed Ruy Lopez: Breyer Variation with 10 d4} (18... Nc5 19. Qd2 h5 20. Ra3 Nfd7 21. Qe2 Nb6 22. axb5 axb5 23. Rxa8 Bxa8 24. Ng5 Qf6 25. Rf1 Nbd7 26. h4 Qe7 27. Ra1 Bb7 {0-1 (81) Topalov,V (2740)-Amin,B (2704) Abidjan 2019}) 19. Qd2 h5 20. Rf1 Nc5 {The position is equal.} 21. Nh4 $146 ({Predecessor:} 21. Bh6 Be7 22. Ng5 Nh7 23. f4 f6 24. Nf3 Bd8 25. f5 g5 26. Nxh5 {1-0 (35) Babiy,O (2289)-Motycakova,M (2174) Antalya 2019}) 21... Nfd7 (21... Nh7 $1 $11 {keeps the balance.}) 22. f4 (22. Bg5 $16) 22... exf4 $2 (22... Qd8 $1 $11 {and Black is okay.} 23. Nf3 h4) 23. Rxf4 $18 Ne5 {[#]} ({And not} 23... bxa4 24. Rff1 $11) 24. Raf1 $1 Ncd3 ({Inferior is} 24... bxa4 25. R4f2 $11) ({Worse is} 24... Nxa4 25. Bxa4 bxa4 26. R4f2 $11) (24... Bc8 {was necessary.}) 25. Bxd3 cxd3 26. Rf6 {Nxh5! is the strong threat.} Bxd5 $2 {[%mdl 8192]} (26... Bg7 $16) 27. exd5 Nc4 28. Qf2 {[%cal Rf6f7]} Nxe3 29. Rxf7 Qc5 {[#]} 30. b4 $1 {[%cal Rb4c5]} Qxd5 {[#]} (30... Nd1 $18) 31. Qf6 $1 {[%mdl 512] White mates.} Qe5 32. Qxg6+ {[%mdl 64] Double Attack} Bg7 33. Nxh5 Re7 34. Nf6+ Qxf6 35. R1xf6 {Accuracy: White = 68%, Black = 19%.} 1-0

[Event "23rd OIBM 2019"]
[Site "Gmund am Tegernsee"]
[Date "2019.10.31"]
[Round "6.17"]
[White "Marin, Mihail"]
[Black "Gohla, Ulf"]
[Result "1-0"]
[WhiteElo "2524"]
[BlackElo "2217"]
[Annotator "TA"]
[PlyCount "78"]
[EventDate "2019.10.17"]
[EventType "swiss"]
[EventCountry "GER"]
[SourceTitle "playchess.com"]
[Source "ChessBase"]
[SourceQuality "1"]

{[%evp 16,78,26,24,63,62,90,87,92,77,82,57,49,29,75,81,132,126,170,155,167,165,166,150,159,141,163,172,153,158,456,131,336,70,525,91,69,72,88,82,101,57,163,159,157,165,204,212,364,362,416,419,398,411,421,393,595,609,2437,2408,2478,2301,2097,2005,1413]} 1. f4 d5 2. Nf3 g6 3. g3 Bg7 4. Bg2 c5 5. O-O Nc6 6. d3 Nf6 7. Nc3 O-O 8. e4 dxe4 9. dxe4 Bg4 {A03: Bird's Opening with 1...d5} (9... Qxd1 10. Rxd1 e5 11. Nxe5 Nxe5 12. fxe5 Ng4 13. Nd5 Nxe5 14. Bg5 Bg4 15. Rf1 Be6 16. Nc7 Rac8 17. Nxe6 fxe6 {½-½ (53) Nepomniachtchi,I (2714)-Wojtaszek,R (2744) Beijing 2014}) 10. e5 Ne8 11. Be3 b6 {White is better.} 12. h3 Bd7 13. Qe2 Nc7 $146 ({Predecessor:} 13... e6 14. Rad1 Qe7 15. Ng5 Rd8 16. Nge4 f6 17. exf6 Nxf6 18. Nxf6+ Bxf6 {1-0 (64) Fernandez Rodriguez,J (2114)-Morillo Vellarde,G (1960) Seville 2014}) 14. Rad1 Qc8 15. g4 $36 {[%mdl 2048] White has strong initiative.} Rd8 (15... Rb8 $142) 16. Qf2 Rb8 17. Qg3 Nb4 18. Rf2 Bc6 19. Rxd8+ Qxd8 20. f5 $1 Ncd5 {[#]} 21. Nxd5 $1 Nxd5 {[#]} 22. Bd2 $1 {Black must now prevent fxg6.} b5 $2 (22... Qc7 $16 {keeps fighting.}) 23. Re2 $2 (23. Ng5 $18) 23... Qc7 $2 (23... Nb4 $16) 24. Qh4 $2 (24. Ng5 $18) 24... Nb6 $2 {[%mdl 8192]} (24... f6 $14) 25. e6 $2 (25. Ng5 $18 {and White stays clearly on top.} h6 26. fxg6 {[%mdl 64] Overworked Piece} fxg6 27. Ne6 {[%mdl 64] Double Attack}) 25... f6 $16 26. Qf2 Qb7 27. b3 Rd8 28. Nh4 (28. g5 {is interesting.} Rf8 29. gxf6 Rxf6 30. Nh4 Rf8 31. Bxc6 Qxc6 32. Qg3) 28... Bxg2 (28... g5 $1 $14) 29. Qxg2 $18 Qxg2+ 30. Kxg2 gxf5 31. Nxf5 Nc8 $2 (31... Bf8 {was worth a try.} 32. Kf3 Rd5) 32. Ba5 Rd1 33. Rd2 Rxd2+ 34. Bxd2 {[%mdl 4096] Endgame KBN-KBN} Kf8 35. Be3 Nd6 (35... Nb6 $142 36. Bxc5 Nd5) 36. Bxc5 {White is clearly winning.} Nxf5 37. gxf5 a6 38. Kf3 Ke8 39. Ke4 Kd8 {Accuracy: White = 50%, Black = 18%.} 1-0

[Event "23rd OIBM 2019"]
[Site "Gmund am Tegernsee"]
[Date "2019.10.31"]
[Round "6.18"]
[White "Schnelzer, Reinhold"]
[Black "Prusikin, Michael"]
[Result "0-1"]
[WhiteElo "2192"]
[BlackElo "2521"]
[Annotator "TA"]
[PlyCount "70"]
[EventDate "2019.10.17"]
[EventType "swiss"]
[EventCountry "GER"]
[SourceTitle "playchess.com"]
[Source "ChessBase"]
[SourceQuality "1"]

{[%evp 23,70,18,28,10,11,-38,-39,-47,0,0,0,0,0,0,0,0,-7,-38,-43,-43,-41,-67,-69,-71,-58,-110,-78,-127,-133,-150,-123,-136,-127,-137,-99,-104,-64,-62,0,-152,-144,-166,-121,-117,-112,-147,-113,-244,-254]} 1. d4 Nf6 2. c4 g6 3. g3 Bg7 4. Bg2 O-O 5. Nc3 d6 6. Nf3 Nbd7 7. O-O e5 8. h3 ({Predecessor:} 8. e4 exd4 9. Nxd4 Re8 {0-1 (78) Scibior,A (2202)-Tsanas,A (2295) London 2012}) 8... Re8 9. e4 exd4 10. Nxd4 Nc5 11. Re1 Bd7 12. Bf4 h6 13. Qc2 $146 {E68: King's Indian: Fianchetto: 6...Nbd7 7 0-0 e5 8 e4} (13. Rb1 {is more complex.} a5 14. b3 a4 15. b4 Ne6 16. Nxe6 Bxe6 17. Nd5) (13. Nb3 Na4 14. Bd2 Nxb2 15. Qe2 Na4 16. Rab1 Nxc3 17. Bxc3 Rb8 18. c5 dxc5 19. Nxc5 Bc6 20. Qb2 b6 {1-0 (50) Yu,Y (2750)-Ganguly,S (2665) Ashkhabad 2017}) 13... Nfxe4 14. Bxe4 {Strongly threatening Nb3.} Bxd4 {[#]} 15. Bxg6 $1 {[%mdl 512] Black is slightly better.} fxg6 (15... Bxc3 $5 16. bxc3 Qf6 17. Bh7+ Kg7 $11) 16. Qxg6+ {[%mdl 64] Double Attack} Bg7 17. Nd5 $1 Re6 18. Rxe6 Nxe6 19. Bxh6 {Hoping for Re1.} Qf8 $1 20. Bxg7 Qxg7 21. Nf6+ Kf8 22. Nxd7+ Qxd7 23. Re1 Re8 24. Re3 ({Better is} 24. Qh6+ $1 $15 Ng7 25. Rxe8+ Kxe8 26. Qg6+ Kf8 27. Qf6+ Kg8 28. h4) 24... Ng7 {...Rxe3 is the strong threat.} 25. Rf3+ Kg8 26. g4 Re6 27. Qd3 Qe7 28. Kg2 c6 29. Rf4 Qg5 30. Qf3 Qe7 (30... Re8 $1 $15) 31. b3 $2 (31. Qd3 $1 $11) 31... Re5 $17 32. Rf6 d5 33. cxd5 cxd5 34. h4 Re4 35. h5 {[#]} (35. Rh6 $17) 35... Rxg4+ $1 {[%mdl 512] Accuracy: White = 39%, Black = 89%.} 0-1